Morgan Sindall plc v Sawston Farms (Cambs) Ltd (Record no. 58149)

MARC details
000 -LEADER
fixed length control field 01647cab a2200253 4500
001 - CONTROL NUMBER
control field ABS60162
008 - FIXED-LENGTH DATA ELEMENTS--GENERAL INFORMATION
fixed length control field 090401t1999 xxu||||| |||| 00| 0 eng d
035 ## - SYSTEM CONTROL NUMBER
System control number (Sirsi) u91580
041 ## - LANGUAGE CODE
Language code of text/sound track or separate title eng
245 ## - TITLE STATEMENT
Title Morgan Sindall plc v Sawston Farms (Cambs) Ltd
260 ## - PUBLICATION, DISTRIBUTION, ETC.
Date of publication, distribution, etc. 1999
350 ## - PRICE (NR) (BK AM CF MU VM SE) [OBSOLETE]
Price 0
490 ## - SERIES STATEMENT
Series statement Estates Gazette
Volume/sequential designation [1999] EG 7, 135-138(4)
520 ## - SUMMARY, ETC.
Summary, etc. CA 3 December 1998. In 1991, M was granted an option to purchase a roadway at a price to be determined by a valuer acting as an expert. On 15 October 1996, the expert set the price at £130,000 in a non-speaking valuation. M`s valuer gave the road a low value as it was not required for development in the area. However, S`s valuer set a ransom value of £772,000. Nov 1996, S gave M a grant of right of way for all purposes for land M already owned. M then claimed the valuer`s determination was of no effect because: (1) the valuer must have used a ransom value approach and the RICS practice statements do not allow for inclusion of a `special purchaser` and (2) the valuer had valued the wrong subject matter, as M had limited rights of way under the deed of grant. "Held", appeal dismissed. 1-RICS practice statements are not mandatory in this type of valuation and one cannot assume the valuer`s reasoning. 2-The valuer valued what he was asked to value.
650 ## - SUBJECT ADDED ENTRY--TOPICAL TERM
Topical term or geographic name entry element EXPERT
650 ## - SUBJECT ADDED ENTRY--TOPICAL TERM
Topical term or geographic name entry element MORGAN SINDALL PLC V SAWSTON FARMS (CAMBS) LTD
650 ## - SUBJECT ADDED ENTRY--TOPICAL TERM
Topical term or geographic name entry element NON-SPEAKING VALUATION
650 ## - SUBJECT ADDED ENTRY--TOPICAL TERM
Topical term or geographic name entry element OPTION TO PURCHASE
650 ## - SUBJECT ADDED ENTRY--TOPICAL TERM
Topical term or geographic name entry element RICS VALUATION PRACTICE STATEMENTS
650 ## - SUBJECT ADDED ENTRY--TOPICAL TERM
Topical term or geographic name entry element RICS
690 ## - LOCAL SUBJECT ADDED ENTRY--TOPICAL TERM (OCLC, RLIN)
Topical term or geographic name as entry element HIGHWAYS RIGHTS OF WAY AND EASEMENTS
942 ## - ADDED ENTRY ELEMENTS (KOHA)
Suppress in OPAC 0
948 ## - LOCAL PROCESSING INFORMATION (OCLC); SERIES PART DESIGNATOR (RLIN)
c (OCLC) 25/02/1999
Holdings
Withdrawn status Lost status Source of classification or shelving scheme Damaged status Not for loan Home library Current library Shelving location Date acquired Total Checkouts Full call number Barcode Date last seen Copy number Price effective from Koha item type
    Dewey Decimal Classification     London London Journal article 14/09/1999   ABS60162 91580-1001 06/08/2019 1 06/08/2019 Law report